MAASAI MARA UNIVERSITY

LIBRARY CATALOGUE

Contact Us: +254 020 2685356/7 or 0774 057787

Box: 861-20500, NAROK, KENYA

Email: info@mmarau.ac.ke

Electronic circuits: (Record no. 32804)

MARC details
000 -LEADER
fixed length control field 00634nam a22002177a 4500
003 - CONTROL NUMBER IDENTIFIER
control field OSt
005 - DATE AND TIME OF LATEST TRANSACTION
control field 20240719131349.0
008 - FIXED-LENGTH DATA ELEMENTS--GENERAL INFORMATION
fixed length control field 240719b |||||||| |||| 00| 0 eng d
020 ## - INTERNATIONAL STANDARD BOOK NUMBER
International Standard Book Number 978354004295
040 ## - CATALOGING SOURCE
Original cataloging agency MMU
Language of cataloging eng
Transcribing agency MMU
Modifying agency MMU
050 ## - LIBRARY OF CONGRESS CALL NUMBER
Classification number TK7871.85 .T53413 2008
100 ## - MAIN ENTRY--PERSONAL NAME
Personal name Tietze, U.
9 (RLIN) 977
245 ## - TITLE STATEMENT
Title Electronic circuits:
Remainder of title handbook for design and application/
Statement of responsibility, etc. U Tietze,Ch. Schenk, E. Gamm
250 ## - EDITION STATEMENT
Edition statement 2nd ed.
260 ## - PUBLICATION, DISTRIBUTION, ETC. (IMPRINT)
Place of publication, distribution, etc. Unknown:
Name of publisher, distributor, etc. Springer,
Date of publication, distribution, etc. 2008.
300 ## - PHYSICAL DESCRIPTION
Extent xxiii, 1543 p.:
Other physical details ill.;
500 ## - GENERAL NOTE
General note Includes index.
650 ## - SUBJECT ADDED ENTRY--TOPICAL TERM
Topical term or geographic name as entry element Electric circuits
9 (RLIN) 777
700 ## - ADDED ENTRY--PERSONAL NAME
Personal name Schenk, Ch
9 (RLIN) 978
942 ## - ADDED ENTRY ELEMENTS (KOHA)
Source of classification or shelving scheme Library of Congress Classification
Koha item type L
Holdings
Withdrawn status Lost status Source of classification or shelving scheme Damaged status Not for loan Home library Current library Date acquired Source of acquisition Total Checkouts Full call number Barcode Date last seen Price effective from Koha item type
    Library of Congress Classification     Maasai Mara University Library -Main Campus Maasai Mara University Library -Main Campus 07/19/2024 Donation   TK7871.85 .T53413 2008 24039635 07/19/2024 07/19/2024 L
© 2016 Maasai Mara University.